000 00626nam a22001937a 4500
999 _c14551
_d14551
003 AR-CdUCM
008 190423b ||||| |||| 00| 0 spa d
020 _a978-84941549-3-5
040 _aMUNICIPALIDAD PROVINCIAL DEL CUSCO
_cBIBLIOTECA MUNICIPAL DEL CUSCO
082 _aPI / 376.1 /
_bV64
100 _aVigna Coyle, Carmen La
_933361
245 _aLas princesas tienen amigas para siempre /
260 _aBuenos Aires :
_bPicarona,
_c2014.
300 _a30 páginas ;
_bIlustraciones,
_c24 cm.
650 _aLiteratura infantil
_9588
650 _aCuento infantil
_93319
942 _2ddc
_cLIBROS
945 _aacv
_d2019-04-23